000 00321nam a2200145Ia 4500
003 OSt
005 20240301103651.0
008 170523s9999 xx 000 0 und d
020 _a978-9327289732
040 _ciimtu meerut
100 _aNAG- NK
245 0 _aMATHEMATICS
260 _bKALYANI PUBLICATION
942 _2ddc
_c02
999 _c587
_d587